000 00601nam a22001817a 4500
005 20250730144921.0
010 _aHIN-130069
020 _a9788195335411
_c160.00
035 _aHN-102415
037 _bDBAD
082 _a827
100 _aव्यास यशवंत
_983506
245 _aमोहब्बत की दुकान/
_bयशवंत व्यास
260 _bअन्तर इन्फोमेडिया
_c2024
300 _a105पृ.
_c17.8सेमी (अजिल्द)
700 _983490
942 _2ddc
_cHN
_h827
_mव्यासय
999 _c212732
_d212732